000 00756nam a2200253Ia 4500
001 18455
003 GE_BSU
008 181216s||||||||xx |||||||||||||| ||und||
020 _a9780415423601
040 _cGE_BSU
080 _a371
100 _aKumar, Arti
245 _aPersonal, Academic and Career Development in Higher Education
245 _bSelf, Opportunity, Aspirations, results
260 _aLondon
260 _bRoutledge
260 _c2007
300 _a306 p. 23cm.
653 _aPersonal,Academic and Career Development in Higher Education
653 _aSelf, Opportunity, Aspirations, results
653 _aკარიერული განვითარება
653 _aპედაგოგიკა
942 _cBK
999 _c51469
_d51469